Click to Translate - Gagauz #2 (European loanwords) - Statistics

General Stats
  • This quiz has been taken 18 times
  • The average score is 9 of 22
Answer Stats
Hint Answer % Correct
music muzika
88%
official ofițial
88%
history istoriya
82%
review reţenziya
82%
old woman, granny babu
76%
grandpa dädu
76%
newspaper gazeta
71%
landlord, head of the house gospodar
53%
older brother batü
47%
law zakon
47%
order zakaz
35%
saint, holy ayoz
29%
cross stavroz
24%
cart taliga
24%
hook kırliga
18%
lizard guşter
12%
dirty, messy palaçor
12%
matchmaker / co-father-in-law svatu
12%
holiday, celebration yortu
12%
wine flask çotra
6%
older sister kaku
6%
hearth vatra
6%
No matching quizzes found
Score Distribution
Percent of People with Each Score
Percentile by Number Answered
Your Score History
You have not taken this quiz